Thực tập cổ sinh vật học Dùng cho sinh viên thăm dò công trình địa vật lí
Shranjeno v:
| Glavni avtor: | |
|---|---|
| Format: | Knjiga |
| Jezik: | Undetermined |
| Izdano: |
Hà Nội
Trường Đại học Mỏ địa chất
1974
|
| Teme: | |
| Oznake: |
Označite
Brez oznak, prvi označite!
|
| Thư viện lưu trữ: | Trung tâm Học liệu Trường Đại học Cần Thơ |
|---|
| LEADER | 00642nam a2200181Ia 4500 | ||
|---|---|---|---|
| 001 | CTU_3425 | ||
| 008 | 210402s9999 xx 000 0 und d | ||
| 082 | |a 560.078 | ||
| 082 | |b Th552 | ||
| 100 | |a Trường Đại học mỏ địa chất | ||
| 245 | 0 | |a Thực tập cổ sinh vật học | |
| 245 | 0 | |b Dùng cho sinh viên thăm dò công trình địa vật lí | |
| 245 | 0 | |c Trường Đại học mỏ địa chất | |
| 260 | |a Hà Nội | ||
| 260 | |b Trường Đại học Mỏ địa chất | ||
| 260 | |c 1974 | ||
| 650 | |a paleontology | ||
| 980 | |a Trung tâm Học liệu Trường Đại học Cần Thơ | ||